000 00605nam a2200265Ia 4500
005 20260306153251.0
008 008 260114s9999 xx 000 0 eng d
020 _a9781107449787
037 _aEBOOK
040 _aCRL
040 _beng
040 _cCRL
041 _2eng
041 _aeng
084 _qCRL
100 _aCoupland
_91125127
245 0 _aSociolinguistics
250 _a1st Ed
260 _bCambridge University Press
260 _c2016
650 _aLinguistics
856 _uhttps://doi.org/10.1017/CBO9781107449787
942 _cEBOOK
999 _c1702791
_d1702791